Bible history of the old and new testaments with Compendium history / (Record no. 101490)
[ view plain ]
| 000 -LEADER | |
|---|---|
| fixed length control field | 00696nam a22002177a 4500 |
| 005 - DATE AND TIME OF LATEST TRANSACTION | |
| control field | 20160726161409.0 |
| 010 ## - LCCN (DPL NO) | |
| LC control number | ENG-115540 |
| 020 ## - INTERNATIONAL STANDARD BOOK NUMBER | |
| International Standard Book Number | 9788192512174 |
| Terms of availability | 1100.00 |
| 020 ## - INTERNATIONAL STANDARD BOOK NUMBER | |
| International Standard Book Number | 8192512177 |
| Terms of availability | 1100.00 |
| 035 ## - SYSTEM CONTROL NUMBER | |
| System control number | EN-99072 |
| 037 ## - SOURCE OF ACQUISITION | |
| Source of stock number/acquisition | DBAD/PUB |
| 082 ## - DEWEY DECIMAL CLASSIFICATION NUMBER | |
| Classification number | 280.21 |
| 100 ## - MAIN ENTRY--PERSONAL NAME | |
| Personal name | Spalding,B.J. |
| 245 ## - TITLE STATEMENT | |
| Title | Bible history of the old and new testaments with Compendium history / |
| Statement of responsibility, etc | by B.J. Spalding [and] Johan A. Dillon |
| 260 ## - PUBLICATION, DISTRIBUTION, ETC. (IMPRINT) | |
| Place of publication, distribution, etc | New Delhi |
| Name of publisher, distributor, etc | Christian World Imprints |
| Date of publication, distribution, etc | 2013 |
| 270 ## - ADDRESS | |
| Address | H-12,Bali Nagar |
| City | New Delhi |
| Postal code | 110015 |
| 300 ## - PHYSICAL DESCRIPTION | |
| Extent | iv,332p. |
| Dimensions | 23cm(Hb) |
| 490 ## - SERIES STATEMENT | |
| Series statement | Christian Classics Revived-2 |
| 700 ## - ADDED ENTRY--PERSONAL NAME | |
| Personal name | Dillon John A. |
| 942 ## - ADDED ENTRY ELEMENTS (KOHA) | |
| Source of classification or shelving scheme | Dewey Decimal Classification |
| Item type | English Books |
| Classification part | 280.21 |
| Call number suffix | SPA |
| Withdrawn status | Lost status | Not for loan | Collection code | Home library | Current library | Date acquired | Source of acquisition | Cost, normal purchase price | Full call number | Barcode | Copy number | Cost, replacement price | Koha item type |
|---|---|---|---|---|---|---|---|---|---|---|---|---|---|
| Non-fiction | Shahdara Branch | Shahdara Branch | 26/07/2016 | DBAD/PUB | 1100.00 | 280.21 SPA | EN-99072 | 1 | 1100.00 | English Books |
